Deducción de gastos incurridos en el exterior (Registro nro. 20641)

Detalles MARC
000 -LEADER
fixed length control field 00397 a2200133 4500
001 - CONTROL NUMBER
control field ART_61051
005 - DATE AND TIME OF LATEST TRANSACTION
control field 20260410161802.0
008 - FIXED-LENGTH DATA ELEMENTS--GENERAL INFORMATION
fixed length control field 260409a
100 1# - MAIN ENTRY--PERSONAL NAME
Personal name Gotlib, Gabriel
245 10 - TITLE STATEMENT
Title Deducción de gastos incurridos en el exterior
700 1# - ADDED ENTRY--PERSONAL NAME
Personal name Vaquero, Fernando M.
700 1# - ADDED ENTRY--PERSONAL NAME
Personal name Mazzilli, Santiago T.
773 0# - HOST ITEM ENTRY
Title Doctrina tributaria
Related parts - N° 532 (jul. 2024)
Record control number REV4296

No hay ítems disponibles.